000 03098nam0a2200325 4500
001 RU\NLR\BIBL_A\012184689
005 20250623222957.0
035 _a(NLR Aleph) 012184689
090 _a12288591
_c12288591
100 _a20080221d1897 |||y0rusy50 ca
101 0 _arus
102 _aRU
105 _ay|||z|||000zy
200 1 _aЭкспериментальные наблюдения над начальным развитием птиц
_f[соч.] П.И. Митрофанова
210 _aВаршава
_cТипография Варшавского учебное округа
_d1897
215 _a4 с.
_d24
225 1 _aРаботы из Зоотомической лаборатории Варшавского университета
_v16
300 _a"Отт. из Протоколов заседаний и трудов о-ва естествоиспытателей при Имп. Варшавск. ун-те. Варшава 1897. Протоколы отделения биологии 1896-97 г. Протокол № 1"
316 _aЭкз. сплетен с 12-ю др. кн. в общ. переплет с загл.: Сообщения. На тит. л. и обл. общ. переплета также загл. сер. и содерж. 13 данных кн. приплетены к: Дополнения к учению о развитии головы позвоночных животных / [cоч.] П.И. Митрофанова. Варшава, 1895. Сведения об оттиске написаны от руки карандашом
_5NLR
482 0 _12001#$aДополнения к учению о развитии головы позвоночных животных$f[cоч.] П.И. Митрофанова
_1210##$aВаршава$d1895
_1700#1$aМитрофанов$bП.И.$f1857-1920$gПавел Ильич$cд-р зоологии$3RU\NLR\AUTH\770215072
_tДополнения к учению о развитии головы позвоночных животных
_aМитрофанов, Павел Ильич (д-р зоологии ; 1857-1920)
488 0 _12001#$aПротоколы заседаний и трудов о-ва естествоиспытателей при Имп. Варшавскм ун-те$iПротоколы заседаний биологии$v№ 1, 1896-97
_1710#02^$aВаршавское общество естествоиспытателей$3RU\NLR\AUTH\889960724
_tПротоколы заседаний и трудов о-ва естествоиспытателей при Имп. Варшавскм ун-те
_aВаршавское общество естествоиспытателей
512 1 _aСообщения
606 1 _aПтицы
_xЭмбриональное развитие
_91897042
_3RU\NLR\AUTH\66863256
686 1 _aЕ633.924
700 1 _7ca
_8rus
_aМитрофанов
_bП.И.
_cд-р зоологии
_f1857-1920
_gПавел Ильич
_9215016
_3RU\NLR\AUTH\770215072
852 _aNLR
_j38.36.5.45(16-10)
942 _cBOOK
980 _aNB